Major divisions of Antigua and Barbuda on a map - Statistics

General Stats
  • This quiz has been taken 10 times
  • The average score is 48 of 58
Answers on the Map
Answers color-coded by a green-red scale on the quiz's map according to % correct below.
 
Answer Stats
Answer % Correct
Barnes Hill
100%
Buckleys
100%
Cedar Grove
100%
Clare Hall
100%
Codrington
100%
Ebenezer / Jennings
100%
Freemans Village
100%
Grays Farm
100%
Green Bay
100%
New Winthorpes
100%
Old road
100%
Parham
100%
Piggotts
100%
Sea View Farm
100%
Urlings
100%
Villa
100%
Bendals
80%
Bethesda
80%
Bolans
80%
Branns Hamlet
80%
Browns Avenue
80%
City Centre
80%
Cooks Hill
80%
Desouza Road
80%
English Harbour
80%
Falmouth
80%
Freetown
80%
John Hughes / Sawcolts
80%
Johnsons Point
80%
Kentish
80%
Liberta
80%
Lower Villa
80%
Michael's Mount
80%
Newfield
80%
North Coast
80%
Nut Grove
80%
Pares
80%
Point
80%
Potters
80%
Princess Margaret
80%
Radio Range
80%
Rest of Barbuda
80%
Rest of St. George
80%
Rest of St. John
80%
Rest of St. Mary
80%
Rest of St. Peter
80%
Sutherlands Development
80%
Swetes
80%
Upper Fort Road
80%
Upper Gambles
80%
Willikies
80%
All Saints Northeast
60%
All Saints Northwest
60%
Glanvilles
60%
Rest of St. Paul
60%
Rest of St. Philip
60%
Seatons
60%
All Saints South
40%
No matching quizzes found
Score Distribution
Percent of People with Each Score
Percentile by Number Answered
Your Score History
You have not taken this quiz